000 00357nam a2200133Ia 4500
008 210210b1979 xxu||||| |||| 00| 0 eng d
082 _a306.2 JOSD
100 _aJOSHI (Navin Chandra).
245 _aDemocracy and human values.
260 _aND
_bSterling Publishers Pvt Ltd.,
_c1979
300 _axiii,243
690 _aPolitical Sociology
906 _a035577
999 _c85929
_d85929